| 000 | 00326nam a22001337a 4500 | ||
|---|---|---|---|
| 020 | _a978-0-670-05816-7 | ||
| 082 |
_a920 _bJAW/L |
||
| 100 | _aNEHRU,JAWAHARLAL | ||
| 245 | _aLETTERS FROM A FATHER TO HIS DAUGHTER | ||
| 260 |
_aNEW DELHI _bPUFFIN BOOKS |
||
| 300 | _a154 | ||
| 650 |
_aPERSONLITY DEVELOPMENT _zINDIA |
||
| 942 | _cBK | ||
| 999 |
_c5313 _d5313 |
||